000 00588nam a22002417a 4500
003 UA-OsUOA
001 32078
007 ta
008 20050121b un ||||| |||| 00| 0 ukr d
100 _aОкун Артур М.
090 _a35:073
_bО49
942 _cBK
040 _aUA-OsUOA
_brus
_cUA-OsUOA
_dUA-OsUOA
245 _aРівність та ефективність. Великий компроміс
300 _a149 с.
955 _a0
041 _arus
080 _a35:073
260 _aВашингтон
_c1975
044 _aUS
650 7 _2UDC
999 _c318515
_d318515